| 000 | 00569nam a2200169 4500 | ||
|---|---|---|---|
| 001 | 110382 | ||
| 003 | ES-MaACL | ||
| 005 | 20230906185036.0 | ||
| 007 | t| | ||
| 008 | 061121s1946 xxk r ||||1| d | ||
| 100 | 1 |
_aOdgers, W. Blake. _986526 |
|
| 245 | 1 | 0 |
_aOdgers' principles of pleading and practice in civil actions in the High Court of Justice / _cW. Blake Odgers, Lewis Frederick Sturge. |
| 260 |
_aLondon : _bStevens & Sons, _c1946. |
||
| 300 |
_aLXII, 446 p. ; _c22 cm. |
||
| 700 | 1 |
_aSturge, Lewis Frederick. _9108509 |
|
| 852 |
_aES-MaACL _jC-4395 _bR.24141 |
||
| 999 |
_c110382 _d110382 |
||